Financial support to the fishing industry of OECD member countries.

Bibliographic Details
Corporate Author: Organisation for Economic Co-operation and Development
Format: Book
Language:English
Published: Paris : [Washington, D.C.] : Organisation for Economic Co-operation and Development ; [sold by OECD Publications and Information Center], 1980.
Series:Document - Organisation for Economic Co-operation and Development
Subjects:

MARC

Tag First Indicator Second Indicator Subfields
LEADER 00000cam a2200000 a 4500
001 in00000077106
005 20151008060530.0
008 811208s1980 fr b i00010 engm
010 |a  81459621  
015 |a F*** 
020 |a 9264120874 (pbk.) 
035 |a (OCoLC)06792034 
035 |9 AAJ5970AM 
040 |a DLC  |c DLC  |d m.c.  |d TXA  |d UtOrBLW 
049 |a TXAM  |c [1196402] 
050 0 0 |a HD9450.6  |b .O73 1980 
082 0 |a 338.3  |2 19 
110 2 |a Organisation for Economic Co-operation and Development. 
245 1 0 |a Financial support to the fishing industry of OECD member countries. 
264 1 |a Paris :  |b Organisation for Economic Co-operation and Development ;  |a [Washington, D.C.] :  |b [sold by OECD Publications and Information Center],  |c 1980. 
300 |a i, 161 pages ;  |c 24 cm. 
336 |a text  |b txt  |2 rdacontent 
337 |a unmediated  |b n  |2 rdamedia 
338 |a volume  |b nc  |2 rdacarrier 
490 0 |a Document - Organisation for Economic Co-operation and Development 
504 |a Includes bibliographical references. 
650 0 |a Fish trade. 
650 0 |a Fisheries subsidies. 
999 |a MARS 
999 f f |s 707416d5-35f7-3a0c-bc27-92ba66aa65e7  |i ea27ba43-d2e2-3ef1-806a-d1d8423384d3  |t 0 
952 f f |p ric  |a Texas A&M University  |b Rellis Campus  |c Joint Library Facility  |d Remote Storage  |t 0  |e HD9450.6 .O73 1980  |h Library of Congress classification  |i unmediated -- volume  |m A14806130517 
998 f f |a HD9450.6 .O73 1980  |t 0  |l Remote Storage